000 01247cam a22003497a 4500
003 CHAP
005 20220329142831.0
008 040608d2003 mx r 00110 spa d
010 _a88451
011 _a89423
035 _a99974
040 _cCHAP
090 _aTesis
100 0 0 _aVásquez Soto, David.
_9120267
245 1 0 _aAnálisis de la productividad y el proceso de transferencia en los distritos de riego en México a partir de indicadores técnico-económicos
_c/por David Vázquez Soto
260 _aChapingo, Méx. :
_bEl autor,
_c2003.
300 _a81 h. ;
_bgráfs.
502 _aTesis (M.C. Programa de Hidrociencias) -- C.P. Programa de Hidrociencias
590 _aALEPH
_b10
_c20130110
_lUCH01
_h1458
590 _aBATCH-UPD
_b10
_c20130110
_lUCH01
_h0332
590 _aBATCH-UPD
_b10
_c20130110
_lUCH01
_h1656
590 _aBATCH-UPD
_b10
_c20130410
_lUCH01
_h0005
590 _aBATCH-UPD
_b10
_c20130914
_lUCH01
_h1210
590 _aCONVERSION
_b10
_c20130109
_lUCH01
_h1349
650 1 4 _aAgua para irrigacion.
_92430
650 1 4 _aDistritos de riego.
_932966
650 1 4 _aProductividad.
_991868
901 _aBK
905 _aMayto Villalobos S.
942 _cTESIS
949 _aTesis
_bBC
_cTES
_d99974123
_eTS1
_h41467
_i99974
_sb
999 _c88451
_d88451